000 00806nac a22002051u 4500
008 120115s2007 uk|||||r|||| 00| 0 eng d
020 _a9781859649176
082 _a371.30281
_bMAN
_222
100 _aManning, Anthony
_928342
245 _aSeminars & Tutorials/
_cAnthony Manning & Elisabeth Wilding with Paul Harvey
_pCourse book
_nModule 3
260 _aLondon:
_bGarnet pub.,2007
_c2007
300 _a38p.:
_b ill.;
_c26 cm.
440 _aUniversity foundation study
_928343
650 _aStudy skills
_928344
650 _aLife skills
_928345
700 _aWilding, Elisabeth
_928346
700 _aHarvey, Paul
_928347
942 _cNB
_k371.30281M2832
_2ddc
999 _c4850
_d4850